Normal view
MARC view
Entry Personal Name
001 - CONTROL NUMBER
- control field: 76946
003 - CONTROL NUMBER IDENTIFIER
- control field: dpl
005 - DATE AND TIME OF LATEST TRANSACTION
- control field: 20250124121103.0
008 - FIXED-LENGTH DATA ELEMENTS
- fixed length control field: 250124|| aca||aabn | a|a d
040 ## - CATALOGING SOURCE
- Original cataloging agency: dpl
- Transcribing agency: dpl
100 ## - HEADING--PERSONAL NAME
- Personal name: Crooke W
670 ## - SOURCE DATA FOUND
- Source citation: Work cat.: (dpl)208720: Crooke W, Native Races Of The British Empire:Northern India/, 2012
